| 000 | 00475nam a2200145Ia 4500 | ||
|---|---|---|---|
| 999 |
_c14568 _d14568 |
||
| 082 | _aTS.0142 | ||
| 100 | _aSingh, Anil Kumar | ||
| 245 | 0 | _aGramin samudaye me samajik parivartan : Chamav gramsabha par aadharit ek samajvaigyanik adhyayan | |
| 260 |
_c1980 _bBanaras Hindu University |
||
| 300 | _a504p. + C D - 53 | ||
| 650 | _aCHAMAV (VILLAGE) - SOCIAL CONDITIONS | ||
| 650 | _aRURAL FAMILIES - UTTAR PRADESH - CHAMAV | ||
| 710 | _aNepali, Gopal Singh | ||
| 942 |
_cTH _2ddc |
||